00449 2200157 4500001002100000005001500021035002000036007000300056008004100059020002200100100002500122245006200147250001000209260003300219300003900252INLIS00000000001106120240911093427 a0010-0924000001ta240911 g 0 ind  a978-628-231-496-20 aMery Christian Putri1 aPerjanjian di era digital ekonomi /cMery Christian Putri acet.1 aDepok :bRajagrafindo,c2020 axiii, 201 hal.; 23 cmehal.183-197